Welcome to CU Library Online Public Access Catalogue (OPAC)

The law of contract / (Record no. 3408)

MARC details
000 -LEADER
fixed length control field 00590cam a2200217 a 4500
001 - CONTROL NUMBER
control field 13621350
005 - DATE AND TIME OF LATEST TRANSACTION
control field 20250203203313.0
008 - FIXED-LENGTH DATA ELEMENTS--GENERAL INFORMATION
fixed length control field 040610s2003 enk b 001 0 eng
020 ## - INTERNATIONAL STANDARD BOOK NUMBER
International Standard Book Number 0421788402 (hb)
020 ## - INTERNATIONAL STANDARD BOOK NUMBER
International Standard Book Number 042178850X (pbk.)
050 00 - LIBRARY OF CONGRESS CALL NUMBER
Classification number KD1554
Item number .T7 2003
082 04 - DEWEY DECIMAL CLASSIFICATION NUMBER
Classification number 346.4202
Edition information 21
100 1# - MAIN ENTRY--PERSONAL NAME
Personal name Treitel, G. H.
245 14 - TITLE STATEMENT
Title The law of contract /
Statement of responsibility, etc. by Sir Guenter Treitel.
250 ## - EDITION STATEMENT
Edition statement 11th ed.
260 ## - PUBLICATION, DISTRIBUTION, ETC.
Place of publication, distribution, etc. London :
Name of publisher, distributor, etc. Sweet & Maxwell,
Date of publication, distribution, etc. 2003.
300 ## - PHYSICAL DESCRIPTION
Extent clii, 1200 p. ;
Dimensions 25 cm.
650 #0 - SUBJECT ADDED ENTRY--TOPICAL TERM
Topical term or geographic name entry element Contracts
Geographic subdivision England.
650 #0 - SUBJECT ADDED ENTRY--TOPICAL TERM
Topical term or geographic name entry element Contracts
Geographic subdivision Wales.
942 ## - ADDED ENTRY ELEMENTS (KOHA)
Source of classification or shelving scheme Library of Congress Classification
Koha item type Books
Suppress in OPAC No
999 ## -
-- 3408
-- 3408
Holdings
Withdrawn status Lost status Source of classification or shelving scheme Damaged status Not for loan Collection Home library Current library Shelving location Date acquired Total checkouts Full call number Barcode Date last seen Copy number Uniform resource identifier Price effective from Koha item type
    Library of Congress Classification     Non-fiction Law Library (Christ Temple) Law Library (Christ Temple) General stacks 02/03/2025   KF801 TRE LLCT00000344 02/03/2025 1 KD1554.T7 TRE 02/03/2025 Books
    Library of Congress Classification     Non-fiction Law Library (Christ Temple) Law Library (Christ Temple) General stacks 02/03/2025   KF801 TRE LLCT00000345 02/03/2025 2 KD1554.T7 TRE 02/03/2025 Books
    Library of Congress Classification     Non-fiction Law Library (Christ Temple) Law Library (Christ Temple) General stacks 02/03/2025   KF801 TRE LLCT00000346 02/03/2025 3 KD1554.T7 TRE 02/03/2025 Books
© 2023-2024 Copyright: Central University Libraries. All Rights Reserved | Created by: Mahone Tech Office